000 005560000a22001810004500
003 MACL
005 20160512120209.0
008 160512b xxu||||| |||| 00| 0 eng d
040 _aMACL
_cMACL
041 _aHindi
082 _a891.431
100 _aमण्‍टो, सआदत हसन
_956253
245 _aमायानगरी
_cसआदत हसन मण्‍टो
260 _bअनमोल साहित्‍य
_c2003
_aदिल्‍ली
350 _a125
650 _aLiteracture
_956254
942 _cHIN
_k800/MAN/L
_2ddc
999 _c19124
_d19124